| 000 | 00538nam a2200193Ia 4500 | ||
|---|---|---|---|
| 008 | 131103s9999 xx 000 0 und d | ||
| 040 | _aLoreto College | ||
| 041 | _aEnglish | ||
| 082 |
_a200/DAW _bLCLIb/2629 |
||
| 100 | _aDawson, Christopher | ||
| 245 | 4 |
_aThe modern dilemma _b The problem of European unity _cChristopher Dawson |
|
| 260 |
_aLondon _bSheed & Ward _c1932 |
||
| 300 |
_a121p. _c 21cm. |
||
| 440 | _aEssays in order; No.8 | ||
| 650 | _aReligion | ||
| 651 | _aChristianity | ||
| 850 | _aLCLIB/200/DAW | ||
| 942 | _cBK | ||
| 999 |
_c25650 _d76129 |
||